Pokémon - Les attaques de Miaouss de Galar - Statistiques

Statistiques générales
  • Ce quiz a été pris 11 fois
  • Le résultat moyen est 9 sur 13
Statistiques - réponses
Niveaux Types Noms des attaques % Correct
Niveau 8 Normal Griffe
100%
Niveau 16 Acier Griffe Acier
100%
Départ Normal Rugissement
100%
Niveau 36 Normal Tranche
100%
Niveau 29 Normal Combo-Griffe
86%
Niveau 12 Normal Jackpot
86%
Départ Normal Bluff
71%
Niveau 32 Normal Grincement
71%
Niveau 4 Ténèbres Aiguisage
57%
Niveau 20 Ténèbres Provoc
57%
Niveau 40 Acier Strido-Son
57%
Niveau 24 Normal Vantardise
29%
Niveau 44 Normal Mania
14%
Aucun quiz correspondant
Distribution des résultats
% des personnes avec chaque résultat
Percentile par nombre de réponses
Votre historique - résultats
Vous n’avez pas pris ce quiz